00274nam a2200109Ia 4500008004100000082001300041100001600054245004100070260003700111300000800148650000800156191201s2002 xx 000 0 und d a658bMOB aMOSHAL, B S 0aBusiness Organisation and Management aN.DelhibGalgotia Pub. Pvtc2002 a474 aMBA